Music Quiz

Random Music or Song Quiz

Oasis Songs Quiz Stats

 Plays Quiz Updated Feb 7, 2020

Support Sporcle.
Go Orange.
Score 0/91 Timer 15:00
3 Plays Today
Songs % Correct
Wonderwall
95%
Don't Look Back In Anger
86.4%
Champagne Supernova
83.4%
Live Forever
80.6%
Morning Glory
79.2%
Supersonic
77.5%
The Masterplan
76.7%
Rock 'n' Roll Star
75.7%
Cigarettes And Alcohol
72.2%
Roll With It
71.4%
Hello
69.3%
Slide Away
67.5%
Shakermaker
67.1%
She's Electric
66.7%
Some Might Say
65.4%
Lyla
64.8%
Be Here Now
64.4%
All Around The World
63%
Married With Children
62.5%
Digsy's Dinner
62.4%
Stand By Me
62.4%
Columbia
62%
D'You Know What I Mean?
61.4%
Cast No Shadow
61.2%
Stop Crying Your Heart Out
58.4%
Acquiesce
57.9%
Songbird
57.6%
The Importance Of Being Idle
57.6%
Little By Little
56.6%
Hey Now!
54.7%
Half The World Away
54.2%
Songs % Correct
The Hindu Times
54%
F***in' In The Bushes
52.9%
Up In The Sky
52.6%
Go Let It Out
52.4%
Talk Tonight
51.2%
Don't Go Away
50.6%
Gas Panic!
50.1%
Bring It On Down
49.4%
Little James
47.7%
Magic Pie
47.4%
The Shock Of The Lightning
46.8%
Untitled
45.4%
Untitled
45.4%
The Swamp Song
45.2%
I Am The Walrus
43.4%
Fade Away
41.9%
The Girl In The Dirty Shirt
41.8%
My Big Mouth
41.6%
Rockin' Chair
41.5%
Let There Be Love
41.5%
I'm Outta Time
40.8%
Sunday Morning Call
40.4%
I Hope, I Think, I Know
39.3%
Fade In-Out
37.9%
Who Feels Love?
36.5%
It's Gettin' Better (Man!!)
36.3%
Falling Down
34.9%
She Is Love
34.6%
Listen Up
34.2%
Headshrinker
34.1%
Underneath The Sky
33.4%
Songs % Correct
Mucky Fingers
32.7%
Turn Up The Sun
32.5%
Stay Young
32.4%
Bag It Up
32.3%
Where Did It All Go Wrong?
30.9%
Roll It Over
30.3%
Waiting For The Rapture
28%
Going Nowhere
27.9%
(Get Off Your) High Horse Lady
27.5%
(It's Good) To Be Free
27.2%
Force Of Nature
27.1%
Guess God Thinks I'm Abel
26.6%
Better Man
26.6%
Soldier On
26.5%
The Turning
26%
Born On A Different Cloud
25.4%
I Can See A Liar
25.3%
Put Yer Money Where Yer Mouth Is
25.1%
A Bell Will Ring
23.7%
The Meaning Of Soul
23%
Part Of The Queue
22.6%
Love Like A Bomb
22.5%
Hung In A Bad Place
22.2%
A Quick Peep
20.3%
Keep The Dream Alive
17.9%
The Nature Of Reality
17%
To Be Where There's Life
16.6%
Probably All In The Mind
16.3%
Ain't Got Nothin'
15.8%

From the Vault

Movie Posters By Directors

by samduuude

Movies 5m
To be clear, they directed the movies, not the posters.
Remove Ads.
Support Sporcle.
Get the best of Sporcle when you Go Orange. This ad-free experience offers more features, more stats, and more fun while also helping to support Sporcle. Thank you for becoming a member.

Show Comments

Extras

Top Quizzes Today


Score Distribution

Your Account Isn't Verified!

In order to create a playlist on Sporcle, you need to verify the email address you used during registration. Go to your Sporcle Settings to finish the process.

Report this User

Report this user for behavior that violates our Community Guidelines.

Details: